Three Famous Occultists (Record no. 193731)

000 -LEADER
fixed length control field 00458 a2200169 4500
003 - CONTROL NUMBER IDENTIFIER
control field Nust
005 - DATE AND TIME OF LATEST TRANSACTION
control field 20221220121753.0
040 ## - CATALOGING SOURCE
Transcribing agency Nust
082 ## - DEWEY DECIMAL CLASSIFICATION NUMBER
Classification number 133.092, DEE
100 ## - MAIN ENTRY--PERSONAL NAME
Personal name Dr.Dee John
9 (RLIN) 105349
245 ## - TITLE STATEMENT
Title Three Famous Occultists
Statement of responsibility, etc. Dr.John Dee
260 ## - PUBLICATION, DISTRIBUTION, ETC.
Place of publication, distribution, etc. london
Name of publisher, distributor, etc. Rider & co
300 ## - PHYSICAL DESCRIPTION
Extent 190p.;
505 ## - FORMATTED CONTENTS NOTE
Formatted contents note Dr John Dee (Page 1), Franz Anton Mesmer (Page-75), Thomas Lake Harris (Page-129).
650 ## - SUBJECT ADDED ENTRY--TOPICAL TERM
Topical term or geographic name entry element occultists
9 (RLIN) 105350
942 ## - ADDED ENTRY ELEMENTS (KOHA)
Source of classification or shelving scheme
Koha item type Book
Holdings
Withdrawn status Lost status Source of classification or shelving scheme Damaged status Not for loan Permanent Location Current Location Shelving location Date acquired Full call number Barcode Date last seen Price effective from Koha item type Public note
          Military College of Signals (MCS) Military College of Signals (MCS) General Stacks 12/12/2016 133.092,DEE MCS30037 12/08/2016 12/12/2016 Book Almirah No.46, Shelf No.2
© 2023 Central Library, National University of Sciences and Technology. All Rights Reserved.